Inazuma Eleven - Trouve le prénom (3) - Statistiques

Statistiques générales
  • Ce quiz a été pris 1 735 fois
  • Le résultat moyen est 11 sur 15
Statistiques - réponses
Hint Réponse % Correct
Bianci Paolo
94%
Torres Thiago
83%
Hobbes Austin
82%
Partinus Edgar
81%
Foster Xavier
81%
Hawkins Archer
80%
Helio Hector
80%
Nakata Hidetoshi
80%
Greenway Jordan
76%
Robingo Mac
76%
Stoutberg Thor
76%
Demonio Strada
72%
Keats Dylan
53%
Kruger Mark
42%
Garcia Victor
39%
Aucun quiz correspondant
Distribution des résultats
% des personnes avec chaque résultat
Percentile par nombre de réponses
Votre historique - résultats
Vous n’avez pas pris ce quiz